| 000 | 00504nam a2200193 a 4500 | ||
|---|---|---|---|
| 001 | BRCA_6014 | ||
| 005 | 20190320205311.0 | ||
| 008 | 010411s1950----io-ab#####---#000-0#eng-# | ||
| 041 | _aeng | ||
| 044 | _aio | ||
| 050 | 4 |
_aDS620 _b.I53 1950 |
|
| 245 | 1 | 0 | _aIndonesia now. |
| 260 |
_aJakarta _bMinistry of Information Republic of Indonesia _c[1950?] |
||
| 300 |
_a128 p. _bil., mapas _c21 cm. |
||
| 500 | _aG117G | ||
| 651 | 4 |
_aIndonesia _xDescripción y viajes _915187 |
|
| 902 | _aGFM | ||
| 942 |
_2lcc _cB |
||
| 999 |
_c5703 _d5703 |
||